Statistics for South American Countries From Richest To Poorest

Click here to take the quiz!

General Stats

  • This quiz has been taken 28 times
  • The average score is 11 of 12

Answer Stats

$Closest ToCountry% Correct
$15,670RomaniaArgentina
96%
$9,850MontenegroBrazil
96%
$18,745PolandChile
96%
$7,110AzerbaijanPeru
96%
$22,020LatviaUruguay
96%
$3,140Sri LankaVenezuela
96%
$6,645South AfricaColombia
92%
$6,610AlbaniaEcuador
92%
$5,615MoldovaParaguay
92%
$3,630AngolaBolivia
88%
$9,375SerbiaGuyana
88%
$4,880UkraineSuriname
88%

Score Distribution

Percentile by Number Answered

Percent of People with Each Score

Your Score History

You have not taken this quiz